Statistics for Cars by Description Quiz

Click here to take the quiz!

General Stats

  • This quiz has been taken 38 times
  • The average score is 12 of 20

Answer Stats

HintAnswer% Correct
America's first affordable car, mistaken by many to be the first car ever madeFord Model T
96%
Most iconic rear-engined sports car from GermanyPorsche 911
89%
Electric luxury sedan from the man who bought TwitterTesla Model S
86%
Back To The Future... enough saidDMC DeLorean
71%
Mr. Bean's tiny car of choiceMini Cooper
71%
World's first hypercar, made by British Formula One legendMcLaren F1
68%
Best-selling European car of all time, from the World War II eraVolkswagen Beetle
68%
Famous muscle car considered a rival to the Mustang, made more popular through Transformers moviesChevrolet Camaro
64%
Rally legend from the 90s, most recognizable in blue color with yellow decalsSubaru Impreza WRX STI
64%
Best-selling car to come from JapanToyota Corolla
64%
The world's fastest car for much of the 2000s, owned by many celebritiesBugatti Veyron
57%
Best-selling truck in the US (as of the early 2020s)Ford F-Series
57%
3-wheeled car prone to rolling over on Top GearReliant Robin
54%
American luxury SUV very popular among rappers... other than HummerCadillac Escalade
50%
Radically designed hypercar made by an Argentinian who moved to ItalyPagani Zonda
46%
Fast & Furious car in which we last see Paul Walker's character drive awayToyota Supra
46%
Car made famous by being on the cover of Need For Speed: Most WantedBMW M3 GTR
43%
Cheap sports car from a brand famous for rotary engines, though not having one itselfMazda Miata
43%
The full-size sedan from the most prestigious luxury automaker in BritainRolls-Royce Phantom
39%
Italian sports car, chronologically between the F430 and the 488Ferrari 458 Italia
36%

Score Distribution

Percentile by Number Answered

Percent of People with Each Score

Your Score History

You have not taken this quiz